000 00991nam a2200277Ia 4500
003 OSt
005 20221005103720.0
006 a|||||r|||| 00| 0
007 ta
008 221004b |||||||| |||| 00| 0 hin d
020 _a9789350025222 (hbk)
_cIndian Rupees 795
024 _a69981
037 _bGift, 11/11/2021,
_cTextual
040 _aCRL
_cCRL
_bhin
041 _2hin
_ahin
082 _aO15,1A1:g, 152Q7
100 _aशर्मा, रामअवतार, ले.
245 0 _aराम - कथा की सार्वभौमिकता
246 _aRām - kathā kī sārvabhaumikatā
260 _aदिल्ली
_bआकार बुक्स भारत
_c2017
300 _a312पृ0
_ccm.
650 _a रामायण
650 _aहिन्दी साहित्य
942 _hO15,1A1:g, 152Q7
_cTEXL
_2cc
999 _c1010725
_d1010725